000 00756nam a2200217Ii 4500
003 JO-AjNU
008 230605s9999||||xx |||||||||||||| ||und||
017 _a1993/10530
020 _a977-01-3592-5
040 _aJO-AjNU
_bara
_erda
_cJO-AjNU
041 _aara
050 1 4 _aPN1995.9.F36.N5312 1993
100 3 _aتأليف نيكوللز، بيتر ؛ ترجمة مدحت محفوظ,
_eauthor
_919868
245 0 0 _aالسينما الخيالية
264 3 1 _aالقاهرة: الهيئة المصرية العامة للكتاب، 1993
300 _a568ص
_bملحق صور
336 _atext
_btxt
_2rdacontent
337 _aunmediated
_bn
_2rdamedia
338 _avolume
_bnc
_2rdacarrier
650 4 _aالسينما - تاريخ ونقد
_919869
999 _aA6632
_c10200
_d10200